000 00621nam a22001697i 4500
003 URS
082 _a574.078
_bSa5f
100 1 _aSantos,Juvy A,
_eauthor
245 _aFood contents of Arius Manillensis (kanduli) and therapon plumbeus ner (ayungin) selected ish species from Laguna De Bay : an analysis
260 _aMorong,Rizal
_b[publisher not identified]
_c1988
300 _a64 pages
_c28 cm.
336 _atext
_btxt
_2rdacontent
337 _aunmediated
_bn
_2rdamedia
338 _avolume
_bnc
_2rdacarrier
856 _3Online Request for Student Unpublished Works
_uhttps://forms.gle/7LqvGGkaDrUQqz429
942 _cTH
999 _c74279
_d74278